Famous Sites - Asia - Statistics

General Stats
  • This quiz has been taken 268 times
  • The average score is 5 of 14
Answer Stats
Picture Answer % Correct
Taj Mahal
96%
Great Wall of China
85%
The Burj Khalifa
69%
Dome of the Rock
59%
Mt Fuji
39%
Hiroshima Peace Memorial (Genbaku Dome)
30%
Halong Bay
26%
Ankor Wat
20%
Wadi Rum - Valley of the Moon
13%
Cappadocia
9%
Gardens by the Bay
9%
Sameba - Holy Trinity Cathedral of Tbilisi
5%
Arashiyama Bamboo Forest
4%
Paro Taktsang
3%
No matching quizzes found
Score Distribution
Percent of People with Each Score
Percentile by Number Answered
Your Score History
You have not taken this quiz